000 00513nam a22001937a 4500
003 NUST - PNEC
005 20170116180800.0
008 150413b xxu||||| |||| 00| 0 eng d
020 _a0321043537
040 _cLIBRARY
082 _a544 SVE
100 _92459
_aSvehla, G.
245 _aVogel's qualitative inorganic analysis
_cG. Svehla
250 _a7th ed.
260 _aLondon
_bLongman
_cc1979.
300 _a347 p. :
_c23 cm.
650 _92462
_aChemistry, Analytic--Qualitative
_xAS
942 _2ddc
_cBK
999 _c62930
_d62930